| 000 | 00551nam a2200181 a 4500 | ||
|---|---|---|---|
| 005 | 20140310183429.0 | ||
| 008 | 080108s19uu xx 00 eng d | ||
| 020 | _a0750669985 | ||
| 050 |
_aG 155.A1 _b.V217 2007 |
||
| 100 | _aVan der Wagen, Lynn | ||
| 245 |
_aHuman resource management for events : _bmanaging the event workforce / |
||
| 260 |
_aU.S.A : _bButterworth-Heinemann, _c2007. |
||
| 300 |
_a255 p. : _bill. ; _c24 cm. |
||
| 521 | _aTOU | ||
| 650 |
_aHospitality industry _xpersonnel management. |
||
| 942 |
_cBK _2lcc _kFOR |
||
| 999 |
_c22705 _d22705 |
||